000 01806cgm a2200373 a 4500
001 vtls003228129
003 MY-SjTCS
005 20200226115121.0
007 vd cvairu
008 111215s2005 cau |00 vueng d
039 9 _a201201131532
_bshuhada
_c201201131501
_dshuhada
_c201201131255
_dshuhada
_y201112151639
_zmalathy
041 0 _aeng
043 _aa-cc--
082 0 4 _a931.04
_bFIR 2005
245 0 0 _aFirst emperor of China
_h[videorecording] /
_cNational Film Board of Canada/China Xi'an Film Studio co-production in association with the Canadian Museum of Civilization ; directed by, Liu Hao Xue and Tony Ianzelo ; writers, Liu Yun Hui, Robert Duncan, Wang J Cheng.
260 _a[Menlo Park, CA] :
_bRazor Digital Entertainment,
_cc2005.
300 _a1 videodisc (ca. 42 min.) :
_bsd., col. ;
_c4 3/4 in.
490 0 _aIMAX theaters 15/70 collection
520 _aChronicles the period of Qin Shihuang's rule. From the grandiose inner sanctum of Emperor Qin royal palace, to fierce battles with feudal kings, this historical drama re-creates the glory and the terror of the Qin Dynasty.
538 _aDVD, region 1, full screen presentation; Dolby Digital.
600 0 0 _aQin shi huang,
_cEmperor of China,
_d259-210 B.C.
_xTomb.
650 0 _aTerra-cotta sculpture, Chinese
_yQin-Han dynasties, 221 B.C.-220 A.D.
_947049
651 0 _aShaanxi Sheng (China)
_xAntiquities.
_948336
700 1 _aLiu, Hao Xue.
700 1 _aIanzelo, Tony.
_958888
700 1 _aLiu, Yun Hui.
700 1 _aDuncan, Robert.
700 1 _aWang, J. Cheng.
710 2 _aRazor Digital Entertainment (Firm)
_958889
710 2 _aNational Film Board of Canada.
_97129
710 2 _aXi'an dian ying zhi pian chang.
_958890
710 2 _aCanadian Museum of Civilization.
_940130
920 _aSOC : 178004
999 _c143458